000 00895nam a2200217Ii 4500
003 JO-AjNU
008 230605s9999||||xx |||||||||||||| ||und||
017 _a2005/1/125
040 _aJO-AjNU
_bara
_erda
_cJO-AjNU
041 _aara
050 1 4 _aLC4704.S82 2006
100 3 _aالبطاينة،أسامة أحمد تأليف/الرشدان،مالك أحمد م.مشارك/السبايلة،عبيد عبد الكريم م.مشارك/الخطاطبة،عبد المجيد محمد م/شارك,
_eauthor
_927355
245 0 0 _aصعوبات التعلم ،النظرية والممارسة= Learning Disabilities
250 _aط4
264 3 1 _aعمان:دار المسيرة،2010
300 _a301ص
336 _atext
_btxt
_2rdacontent
337 _aunmediated
_bn
_2rdamedia
338 _avolume
_bnc
_2rdacarrier
650 4 _aالتعليم الخاص-صعوبات التعلم
_927356
999 _aA10481
_c14049
_d14049